000 00608nam a2200217Ii 4500
003 JO-AjNU
008 230606s9999||||xx |||||||||||||| ||und||
020 _a0-13-041331-3
040 _aJO-AjNU
_beng
_erda
_cJO-AjNU
041 _aeng
050 1 4 _aTA190.S59.2005
100 3 _aShtub, Avraham/Jonathan bard/Shlomo Globerson ,
_eauthor
_9689
245 0 0 _aProject Management
250 _a2 ed
264 3 1 _aNew Jersy:pearson,2005
300 _a668p
336 _atext
_btxt
_2rdacontent
337 _aunmediated
_bn
_2rdamedia
338 _avolume
_bnc
_2rdacarrier
650 4 _aProject Management
_9690
999 _aE363
_c363
_d363